Da voz lírica do Alentejo (Record no. 44743)

MARC details
000 -Etiqueta do registo
Valores 00825nam a2200253 4500
010 ## - Número ISBN
ISBN 9789895664337
010 ## - Número ISBN
ISBN 9789895663347
021 ## - Número do Depósito Legal
Número 521105/24
021 ## - Número do Depósito Legal
Número 521106/23
100 ## - Dados gerais de processamento
Dados gerais 20250306d2024 m y0pory50030103ba
101 0# - Língua de publicação
Língua por
102 ## - País de publicação
País PT
200 1# - Titulo e menção de responsabilidade
Título próprio Da voz lírica do Alentejo
Informação de outro título contributo para o estudo da literatura oral e tradicional do concelho de Reguengos de Monsaraz
Primeira menção de responsabilidade Lina Santos Mendonça
210 #9 - Publicação
Local de publicação Lisboa
Nome do editor Edições Colibri,
Data de publicação 2024
215 ## - Descrição física 
Paginação / Volumes 2 v.
Outras indicações físicas il.
Dimensões 23 cm
675 ## - CDU
Notação 398.2
675 ## - CDU
Notação 398.5/.9(=1:469.512)
Edição BN
Língua por
675 ## - CDU
Notação 821.134.3-91.09
Edição BN
Língua por
700 #1 - Autor principal
Apelido Mendon—ca,
Nome Lina Santos
801 #0 - Fonte de origem
País PT
Agência BN
Regras de catalogação RPC
856 41 - Localização e acesso electrónico 
URL <a href="http://rnod.bnportugal.gov.pt/ImagesBN/winlibimg.aspx?skey=&doc=2206975&img=206030&save=true">http://rnod.bnportugal.gov.pt/ImagesBN/winlibimg.aspx?skey=&doc=2206975&img=206030&save=true</a>
990 ## - Elementos KOHA
Tipo de documento Livro
Holdings
Aquisição Empréstimo Código de barras Cota Permissão de empréstimo Tipo de documento Nota relativa ao exemplar
Biblioteca Municipal de Redondo Biblioteca Municipal de Redondo 054796 398.2 MEN Consulta presencial Livro 1.º v. Obra oferecida pela faculdade de Letras da Universidade de Lisboa
Biblioteca Municipal de Redondo Biblioteca Municipal de Redondo 054797 398.2 MEN Consulta presencial Livro 2.º v. Obra oferecida pela faculdade de Letras da Universidade de Lisboa

Powered by Koha